[Event "Amagermesterskabet Mester 2016"]
[Site "Sundbyoster"]
[Date "2016.08.16"]
[Round "1"]
[White "Christensen, Janus"]
[Black "Skovgaard, Ib"]
[Result "1-0"]
[WhiteElo "2152"]
[BlackElo "2002"]
[PlyCount "57"]
[EventDate "2016.??.??"]

1. e4 Nf6 2. e5 Nd5 3. d4 d6 4. Nf3 a5 5. Be2 dxe5 6. Nxe5 Nd7 7. c4 Nxe5 8.
cxd5 Nd7 9. Nc3 Nf6 10. Bf3 g6 11. Bf4 Bd7 12. Qe2 Bg7 13. O-O O-O 14. Rfe1 Re8
15. Qc4 Rc8 16. Rac1 Bg4 17. Bxg4 Nxg4 18. Ne4 Bxd4 19. Qxd4 e5 20. Qd1 exf4
21. Qxg4 Rxe4 22. Rxe4 f5 23. Qh3 fxe4 24. Qe6+ Kg7 25. d6 c5 26. d7 Rc7 27.
Rd1 f3 28. Qxe4 Kh6 29. Qxf3 1-0

[Event "Amagermesterskabet Mester 2016"]
[Site "Sundbyoster"]
[Date "2016.08.16"]
[Round "1"]
[White "Jacobsen, Mikkel Manosri"]
[Black "Brorsen, Jacob Abildlund"]
[Result "0-1"]
[WhiteElo "2197"]
[BlackElo "2113"]
[PlyCount "42"]
[EventDate "2016.??.??"]

1. d4 Nf6 2. c4 g6 3. Nc3 d5 4. cxd5 Nxd5 5. e4 Nxc3 6. bxc3 Bg7 7. Qa4+ Bd7 8.
Bb5 c6 9. Be2 c5 10. Bb5 Nc6 11. Nf3 a6 12. Bxc6 Bxc6 13. Qc2 cxd4 14. cxd4 Rc8
15. Bb2 Bb5 16. Qd2 O-O 17. h4 Qd7 18. h5 Qg4 19. Qe3 Rc2 20. Rb1 Re2+ 21. Qxe2
Bxe2 0-1

[Event "Amagermesterskabet Mester 2016"]
[Site "Sundbyoster"]
[Date "2016.08.30"]
[Round "2"]
[White "Skovgaard, Ib"]
[Black "Jacobsen, Mikkel Manosri"]
[Result "0-1"]
[WhiteElo "2002"]
[BlackElo "2197"]
[PlyCount "120"]
[EventDate "2016.??.??"]

1. e4 c6 2. d4 d5 3. Nc3 dxe4 4. Nxe4 Bf5 5. Ng5 Nf6 6. Bd3 Qxd4 7. Bxf5 Qe5+
8. Be4 Nxe4 9. Qd8+ Kxd8 10. Nxf7+ Kd7 11. Nxe5+ Ke6 12. Ngf3 g5 13. Be3 Bg7
14. O-O-O Na6 15. Nd3 Bf6 16. Rhe1 Kf5 17. Nd4+ Kg6 18. f4 h6 19. Bg1 Nd6 20.
Ne6 Rhc8 21. g4 Nc7 22. Nd4 gxf4 23. Nxf4+ Kh7 24. Nf3 Rf8 25. Nh5 Nd5 26. Bd4
Bxd4 27. Nxd4 Rf2 28. Re6 Rxh2 29. Nf3 Rf2 30. Ne5 Nf7 31. Nd7 Rd8 32. Nc5 b6
33. Nd3 Rg2 34. Rf1 Ng5 35. Rxc6 Rxg4 36. Ne5 Re4 37. Nf7 Nxf7 38. Rxf7+ Kg8
39. Rf1 Rd6 40. Rc8+ Kh7 41. c4 Ne3 42. Re1 Rxc4+ 43. Rxc4 Nxc4 44. Rxe7+ Kg6
45. Ng3 Rd3 46. Ne2 Re3 47. Nf4+ Kg5 48. Rf7 Nd6 49. Rd7 Kxf4 50. Rxd6 h5 51.
Rh6 Kg4 52. Rh7 h4 53. Kd2 Re5 54. Rxa7 h3 55. Rh7 Rh5 56. Rg7+ Rg5 57. Rh7 Kg3
58. Ke2 Kg2 59. Rf7 h2 60. Rf2+ Kh3 0-1

[Event "Amagermesterskabet Mester 2016"]
[Site "Sundbyoster"]
[Date "2016.09.06"]
[Round "3"]
[White "Aabling Thomsen, Jakob"]
[Black "Skovgaard, Ib"]
[Result "1-0"]
[WhiteElo "2372"]
[BlackElo "2002"]
[PlyCount "45"]
[EventDate "2016.??.??"]

1. Nf3 d5 2. g3 Nd7 3. Bg2 g6 4. c4 dxc4 5. Qa4 Bg7 6. Qxc4 Nb6 7. Qc2 Bf5 8.
d3 c5 9. Nh4 Be6 10. Bxb7 g5 11. Bxg5 Rb8 12. Bc6+ Nd7 13. Nc3 Qb6 14. Bxd7+
Bxd7 15. Rb1 Bh3 16. Rg1 Nh6 17. g4 O-O 18. Rg3 Qb4 19. Bxh6 Bxc3+ 20. Bd2
Bxd2+ 21. Qxd2 Qb7 22. Nf3 Qd5 23. Qg5+ 1-0

[Event "Amagermesterskabet Mester 2016"]
[Site "Sundbyoster"]
[Date "2016.09.06"]
[Round "3"]
[White "Jacobsen, Mikkel Manosri"]
[Black "Hoi, Carsten"]
[Result "0-1"]
[WhiteElo "2197"]
[BlackElo "2400"]
[PlyCount "58"]
[EventDate "2016.??.??"]

1. d4 Nf6 2. c4 d6 3. Nc3 e5 4. dxe5 dxe5 5. Qxd8+ Kxd8 6. Nf3 Nbd7 7. Bg5 Bb4
8. Bxf6+ gxf6 9. Rc1 Nb6 10. g3 Bxc3+ 11. Rxc3 Na4 12. Rc2 Bf5 13. Rd2+ Ke7 14.
Nh4 Be6 15. e3 Rad8 16. Be2 a5 17. Rc2 Rd7 18. O-O Rhd8 19. f4 Rd2 20. Rfc1
exf4 21. exf4 Nxb2 22. f5 Bc8 23. c5 Nd3 24. Bxd3 R8xd3 25. Re1+ Kf8 26. Rc4
Rd4 27. Rec1 Bd7 28. Nf3 Rxc4 29. Rxc4 Rxa2 0-1

[Event "Amagermesterskabet Mester 2016"]
[Site "Sundbyoster"]
[Date "2016.09.13"]
[Round "4"]
[White "Christensen, Janus"]
[Black "Jacobsen, Mikkel Manosri"]
[Result "1-0"]
[WhiteElo "2152"]
[BlackElo "2197"]
[PlyCount "69"]
[EventDate "2016.??.??"]

1. e4 c6 2. d4 d5 3. f3 dxe4 4. fxe4 e5 5. Nf3 Bg4 6. Bc4 Nd7 7. c3 Bh5 8. O-O
Ngf6 9. Bg5 Bd6 10. Qe1 Qc7 11. Nbd2 O-O 12. Qh4 Bg6 13. Rae1 Rae8 14. Bb3 b5
15. Kh1 Qc8 16. dxe5 Bxe5 17. Nxe5 Rxe5 18. Bf4 Rh5 19. Qg3 Re8 20. Bd1 Rc5 21.
Bd6 Nxe4 22. Nxe4 Bxe4 23. Bxc5 Nxc5 24. Qf2 Nd7 25. Qxf7+ Kh8 26. Rxe4 Rf8 27.
Re7 Rxf7 28. Rfxf7 Nf6 29. Bf3 h6 30. Rxg7 Qf5 31. h3 Qf4 32. Rgf7 Qc1+ 33. Kh2
Qf4+ 34. g3 Qxf3 35. Rf8+ 1-0

[Event "Amagermesterskabet Mester 2016"]
[Site "Sundbyoster"]
[Date "2016.09.13"]
[Round "4"]
[White "Rostgaard, Tobias Valentin"]
[Black "Brorsen, Jacob Abildlund"]
[Result "1-0"]
[WhiteElo "2255"]
[BlackElo "2113"]
[PlyCount "95"]
[EventDate "2016.??.??"]

1. e4 c5 2. Nf3 d6 3. Bb5+ Nd7 4. c3 Ngf6 5. Qe2 a6 6. Ba4 g6 7. d4 Qa5 8. Bc2
cxd4 9. b4 d3 10. Bxd3 Qc7 11. Bb2 Bg7 12. c4 a5 13. a3 O-O 14. Nc3 axb4 15.
axb4 Rxa1+ 16. Bxa1 Qb6 17. Nb5 Ng4 18. Bxg7 Kxg7 19. Qb2+ Kg8 20. Qd4 Nge5 21.
Nxe5 Qxd4 22. Nxd4 Nxe5 23. Kd2 Be6 24. Rc1 Ra8 25. Nxe6 fxe6 26. c5 Ra2+ 27.
Rc2 Rxc2+ 28. Bxc2 dxc5 29. bxc5 Nd7 30. c6 bxc6 31. Ba4 Ne5 32. f4 Nc4+ 33.
Ke2 Na5 34. Kd3 c5 35. e5 Kf7 36. Kc3 Kf8 37. Bd7 Kf7 38. h3 g5 39. fxg5 Kg6
40. h4 Kf5 41. Ba4 Kxe5 42. Bc2 Nc6 43. Bxh7 Nd4 44. Bd3 Nf5 45. h5 Nd6 46. h6
Nf7 47. h7 Nh8 48. g3 1-0

[Event "Amagermesterskabet Mester 2016"]
[Site "Sundbyoster"]
[Date "2016.09.13"]
[Round "4"]
[White "Skovgaard, Ib"]
[Black "Akdag, Dara Sevkan"]
[Result "0-1"]
[WhiteElo "2002"]
[BlackElo "2213"]
[PlyCount "48"]
[EventDate "2016.??.??"]

1. e4 c5 2. Nf3 d6 3. d4 cxd4 4. Nxd4 Nf6 5. Nc3 a6 6. Bg5 Nbd7 7. Be2 Qb6 8.
a3 e6 9. f4 Be7 10. Qd3 Nc5 11. Qe3 h6 12. Bxf6 Bxf6 13. O-O-O Bd7 14. Rhe1 Rc8
15. e5 dxe5 16. Nf5 exf5 17. Nd5 Nb3+ 18. Kb1 Qxe3 19. Nxe3 Nc5 20. Nd5 e4 21.
Nb6 Rd8 22. Bc4 Bc6 23. b4 Ne6 24. Rxd8+ Bxd8 0-1

[Event "Amagermesterskabet Mester 2016"]
[Site "Sundbyoster"]
[Date "2016.09.27"]
[Round "5"]
[White "Aabling Thomsen, Jakob"]
[Black "Christensen, Janus"]
[Result "1-0"]
[WhiteElo "2372"]
[BlackElo "2152"]
[PlyCount "71"]
[EventDate "2016.??.??"]

1. Nf3 e6 2. d3 f5 3. e4 fxe4 4. dxe4 Bc5 5. Nc3 d6 6. e5 d5 7. Bd3 Nc6 8. a3
Qe7 9. O-O a6 10. b4 Ba7 11. Ne2 b5 12. c3 Bd7 13. Ned4 Nh6 14. Qc2 Nf7 15. Re1
g5 16. Nxc6 Bxc6 17. Nd4 Bd7 18. a4 bxa4 19. Qe2 c5 20. bxc5 Bxc5 21. Bxa6 O-O
22. Bd3 Kg7 23. Qh5 Rh8 24. Re3 Rag8 25. Rg3 Kf8 26. Rf3 Rg7 27. Rf6 Kg8 28.
Rb1 Qe8 29. Qe2 h5 30. Rb7 Qc8 31. Rxd7 Bxd4 32. Re7 Nxe5 33. Rexe6 Bxc3 34.
Ba3 Rf7 35. Rxe5 Bxe5 36. Qxe5 1-0

[Event "Amagermesterskabet Mester 2016"]
[Site "Sundbyoster"]
[Date "2016.09.27"]
[Round "5"]
[White "Akdag, Dara Sevkan"]
[Black "Hoi, Carsten"]
[Result "0-1"]
[WhiteElo "2213"]
[BlackElo "2400"]
[PlyCount "54"]
[EventDate "2016.??.??"]

1. d4 g6 2. Nc3 Bg7 3. Nf3 d6 4. Bg5 Nf6 5. Qd2 h6 6. Bf4 c6 7. h3 Nbd7 8. g4
b5 9. g5 b4 10. Na4 Ne4 11. Qe3 hxg5 12. Nxg5 Nxg5 13. Bxg5 Nf6 14. Bg2 Bd7 15.
b3 Rc8 16. Nb2 O-O 17. Nd3 Qa5 18. O-O Nd5 19. Bxd5 Qxd5 20. Nxb4 Qxd4 21. Qxd4
Bxd4 22. Rac1 f6 23. c3 Bb6 24. Bf4 Bxh3 25. Rfd1 Kf7 26. Rd3 Bf5 27. Rd2 Be4
0-1

[Event "Amagermesterskabet Mester 2016"]
[Site "Sundbyoster"]
[Date "2016.09.27"]
[Round "5"]
[White "Brorsen, Jacob Abildlund"]
[Black "Skovgaard, Ib"]
[Result "1-0"]
[WhiteElo "2113"]
[BlackElo "2002"]
[PlyCount "49"]
[EventDate "2016.??.??"]

1. d4 d5 2. Nf3 Nf6 3. Bf4 c5 4. e3 Nc6 5. c3 Ne4 6. Bd3 Bf5 7. dxc5 f6 8. Nd4
e5 9. Nxf5 exf4 10. exf4 g6 11. Bxe4 dxe4 12. Nd6+ Bxd6 13. cxd6 Qd7 14. Qd5
O-O-O 15. O-O Qxd6 16. Qxe4 Rhe8 17. Qf3 g5 18. fxg5 Ne5 19. Qxf6 Re6 20. Qf4
Rf8 21. Qb4 Qd8 22. Na3 Kb8 23. Rad1 Qe8 24. Rd6 Nf3+ 25. gxf3 1-0

[Event "Amagermesterskabet Mester 2016"]
[Site "Sundbyoster"]
[Date "2016.10.04"]
[Round "6"]
[White "Christensen, Janus"]
[Black "Akdag, Dara Sevkan"]
[Result "1-0"]
[WhiteElo "2152"]
[BlackElo "2213"]
[PlyCount "155"]
[EventDate "2016.??.??"]

1. d4 d5 2. c4 e6 3. Nf3 c6 4. Nc3 f5 5. c5 Nf6 6. Bf4 Be7 7. e3 O-O 8. Bd3 Ne4
9. O-O b6 10. Bxb8 Rxb8 11. Ne5 Qc7 12. Bxe4 fxe4 13. cxb6 axb6 14. Rc1 Ba6 15.
Qg4 Rf6 16. Rfd1 c5 17. b4 Bd6 18. f4 Bxe5 19. fxe5 Rg6 20. Qh4 Bc4 21. Nxe4
cxb4 22. Nd6 Ra8 23. Rd2 Ra3 24. Nb5 Qd7 25. Nxa3 bxa3 26. Rf2 b5 27. Qf4 Qe7
28. e4 h6 29. h4 Kh7 30. exd5 Bxd5 31. h5 Rg5 32. Qe3 Qb7 33. Rcc2 b4 34. Qh3
Be4 35. Rce2 Qd5 36. Qe3 Bb1 37. Rf1 Bf5 38. Qd2 Rxh5 39. Re3 Rg5 40. Rb3 Be4
41. Rf2 Rg4 42. Rxb4 Rg3 43. Ra4 Qb5 44. Ra7 Qb1+ 45. Kh2 Rd3 46. Qf4 Bf5 47.
Qh4 Qd1 48. Rd7 Re3 49. d5 Re4 50. Rf4 Rxf4 51. Qxf4 Qh5+ 52. Kg3 exd5 53. Rxd5
Qg6+ 54. Kh2 Be4 55. Rd2 Qh5+ 56. Kg1 Qg6 57. Re2 Bd5 58. Qb4 Qd3 59. Qd2 Qb1+
60. Re1 Qb6+ 61. Qf2 Qg6 62. Rc1 Be4 63. Rd1 Qg5 64. e6 Qg4 65. Re1 Bg6 66. e7
Qd7 67. Qe3 Be8 68. Qxa3 Qd2 69. Re3 Qd1+ 70. Kh2 Qh5+ 71. Kg3 Qg5+ 72. Kf2
Qf5+ 73. Rf3 Qc2+ 74. Kg1 Qb1+ 75. Kh2 Qb8+ 76. Rg3 h5 77. Qd3+ Kg8 78. Qb3+
1-0

[Event "Amagermesterskabet Mester 2016"]
[Site "Sundbyoster"]
[Date "2016.10.04"]
[Round "6"]
[White "Hoi, Carsten"]
[Black "Brorsen, Jacob Abildlund"]
[Result "1-0"]
[WhiteElo "2400"]
[BlackElo "2113"]
[PlyCount "73"]
[EventDate "2016.??.??"]

1. d4 Nf6 2. c4 g6 3. Nc3 d5 4. Nf3 Bg7 5. cxd5 Nxd5 6. e4 Nxc3 7. bxc3 c5 8.
Be3 O-O 9. Rc1 Qa5 10. Qd2 Rd8 11. d5 Bg4 12. Be2 Nc6 13. O-O Rac8 14. Qc2 Bxf3
15. gxf3 Ne5 16. f4 Nd7 17. c4 Bd4 18. Rb1 Qc7 19. Kh1 e5 20. Qd2 Nf6 21. Bd3
b6 22. Bxd4 cxd4 23. fxe5 Qxe5 24. f4 Qh5 25. e5 Ng4 26. Qe2 Qh4 27. e6 fxe6
28. dxe6 Re8 29. f5 Ne3 30. fxg6 hxg6 31. Bxg6 Re7 32. Rg1 Kh8 33. Rb5 Rc5 34.
Rxc5 bxc5 35. Qf3 Kg7 36. Bd3+ Kh6 37. Rg6+ 1-0

[Event "Amagermesterskabet Mester 2016"]
[Site "Sundbyoster"]
[Date "2016.10.04"]
[Round "6"]
[White "Jacobsen, Mikkel Manosri"]
[Black "Aabling Thomsen, Jakob"]
[Result "0-1"]
[WhiteElo "2197"]
[BlackElo "2372"]
[PlyCount "38"]
[EventDate "2016.??.??"]

1. d4 d6 2. Nf3 f5 3. Nc3 Nf6 4. Bg5 Nbd7 5. Qd3 h6 6. Bxf6 Nxf6 7. e4 fxe4 8.
Nxe4 c6 9. Nxf6+ gxf6 10. O-O-O Be6 11. Qc3 Qb6 12. d5 Bxd5 13. Rxd5 cxd5 14.
Nd4 e5 15. Nb5 Rh7 16. Be2 a6 17. Qd3 e4 18. Qxd5 axb5 19. Bxb5+ Kd8 0-1

[Event "Amagermesterskabet Mester 2016"]
[Site "Sundbyoster"]
[Date "2016.10.04"]
[Round "6"]
[White "Skovgaard, Ib"]
[Black "Rostgaard, Tobias Valentin"]
[Result "0-1"]
[WhiteElo "2002"]
[BlackElo "2255"]
[PlyCount "95"]
[EventDate "2016.??.??"]

1. e4 Nf6 2. Nc3 d5 3. exd5 Nxd5 4. Bc4 Nb6 5. Bb3 a5 6. a3 a4 7. Ba2 Bf5 8.
Nge2 Nc6 9. d3 e6 10. Ng3 Bg6 11. h4 h6 12. h5 Bh7 13. Be3 Bd6 14. Nge4 Be5 15.
Qd2 Bxe4 16. dxe4 Qxd2+ 17. Bxd2 Bd4 18. Nb5 O-O-O 19. Nxd4 Nxd4 20. O-O-O c5
21. Be3 Kc7 22. Bxd4 Rxd4 23. Rxd4 cxd4 24. Rd1 Rd8 25. Rd3 f5 26. e5 f4 27.
Bxe6 Re8 28. Bf7 Rxe5 29. Rxd4 f3 30. gxf3 Rf5 31. Be8 Rxf3 32. Rg4 Kd8 33.
Bxa4 Rxf2 34. Bb5 Rf5 35. Bd3 Rxh5 36. Rxg7 Rh1+ 37. Kd2 Rh2+ 38. Ke3 Nd5+ 39.
Kd4 Ne7 40. Kc5 Nc8 41. Rxb7 Rh5+ 42. Kc6 Ne7+ 43. Kd6 Nc8+ 44. Ke6 Rc5 45.
Rd7+ Ke8 46. Rh7 Rc6+ 47. Kd5 Rf6 48. Bb5+ 0-1

[Event "Amagermesterskabet Mester 2016"]
[Site "Sundbyoster"]
[Date "2016.10.25"]
[Round "7"]
[White "Aabling Thomsen, Jakob"]
[Black "Rostgaard, Tobias Valentin"]
[Result "0-1"]
[WhiteElo "2372"]
[BlackElo "2255"]
[PlyCount "92"]
[EventDate "2016.??.??"]

1. c4 e6 2. Nf3 d5 3. g3 c5 4. Bg2 Nf6 5. O-O Nc6 6. cxd5 exd5 7. d3 Be7 8. Bf4
O-O 9. Nc3 d4 10. Nb1 Nd5 11. Bd2 Be6 12. Na3 Rc8 13. Re1 a6 14. Nc2 b5 15. a3
Bf6 16. Rb1 c4 17. dxc4 bxc4 18. e3 c3 19. bxc3 Nxc3 20. Bxc3 dxc3 21. Qe2 Qa5
22. Bf1 Qa4 23. Rec1 a5 24. Qb5 Qxb5 25. Bxb5 Ba2 26. Ra1 Bd5 27. Nfe1 Rcd8 28.
Rd1 Bb3 29. Rxd8 Nxd8 30. Rd1 a4 31. Rd7 Ne6 32. Rd6 Rb8 33. Be2 g6 34. Kf1 Be5
35. Rc6 Rd8 36. Bd3 Bd5 37. Rb6 Nc5 38. Rb4 Bb3 39. Nd4 Nxd3 40. Nxd3 Bd6 41.
Rb7 Bc4 42. Ke2 Bc5 43. Rc7 Rd5 44. e4 Rxd4 45. Rxc5 Bxd3+ 46. Ke3 Rc4 0-1

[Event "Amagermesterskabet Mester 2016"]
[Site "Sundbyoster"]
[Date "2016.10.25"]
[Round "7"]
[White "Skovgaard, Ib"]
[Black "Hoi, Carsten"]
[Result "0-1"]
[WhiteElo "2002"]
[BlackElo "2400"]
[PlyCount "68"]
[EventDate "2016.??.??"]

1. e4 g6 2. d4 Bg7 3. Nc3 d6 4. Be3 c6 5. Qd2 b5 6. Bd3 Nd7 7. Nf3 Nb6 8. e5
Bg4 9. Bf4 Bxf3 10. gxf3 d5 11. b3 e6 12. Bg5 Qd7 13. Nxb5 cxb5 14. Qa5 Nc4 15.
bxc4 bxc4 16. Be2 h6 17. Bc1 Ne7 18. c3 Nc6 19. Qa3 Rb8 20. Be3 Qe7 21. Qa4 Rb6
22. Bxc4 dxc4 23. d5 O-O 24. dxc6 Rb2 25. Bc1 Rbb8 26. f4 Qh4 27. Qxc4 Bxe5 28.
Qe4 Bxc3+ 29. Ke2 Qh5+ 30. Qf3 Qxf3+ 31. Kxf3 Bxa1 32. Ba3 Bd4 33. c7 Rbc8 34.
Rd1 Bb6 0-1